<?xml version="1.0" encoding="UTF-8"?><?xml-stylesheet type="text/xsl" href="static/style.xsl"?><OAI-PMH xmlns="http://www.openarchives.org/OAI/2.0/" xmlns:xsi="http://www.w3.org/2001/XMLSchema-instance" xsi:schemaLocation="http://www.openarchives.org/OAI/2.0/ http://www.openarchives.org/OAI/2.0/OAI-PMH.xsd"><responseDate>2026-04-14T03:57:53Z</responseDate><request verb="GetRecord" identifier="oai:www.recercat.cat:2072/445753" metadataPrefix="marc">https://recercat.cat/oai/request</request><GetRecord><record><header><identifier>oai:recercat.cat:2072/445753</identifier><datestamp>2024-12-20T05:14:56Z</datestamp><setSpec>com_2072_199267</setSpec><setSpec>com_2072_4427</setSpec><setSpec>col_2072_201036</setSpec></header><metadata><record xmlns="http://www.loc.gov/MARC21/slim" xmlns:dcterms="http://purl.org/dc/terms/" xmlns:xsi="http://www.w3.org/2001/XMLSchema-instance" xmlns:doc="http://www.lyncode.com/xoai" xsi:schemaLocation="http://www.loc.gov/MARC21/slim http://www.loc.gov/standards/marcxml/schema/MARC21slim.xsd">
   <leader>00925njm 22002777a 4500</leader>
   <datafield ind2=" " ind1=" " tag="042">
      <subfield code="a">dc</subfield>
   </datafield>
   <datafield ind2=" " ind1=" " tag="720">
      <subfield code="a">Alsedà, L.</subfield>
      <subfield code="e">author</subfield>
   </datafield>
   <datafield ind2=" " ind1=" " tag="720">
      <subfield code="a">Mañosas, F.</subfield>
      <subfield code="e">author</subfield>
   </datafield>
   <datafield ind2=" " ind1=" " tag="720">
      <subfield code="a">Morales, L.</subfield>
      <subfield code="e">author</subfield>
   </datafield>
   <datafield ind2=" " ind1=" " tag="260">
      <subfield code="c">2016-01-01</subfield>
   </datafield>
   <datafield ind2=" " ind1=" " tag="520">
      <subfield code="a">In Fabbri et al. (2005) the Sharkovskiĭ Theorem was extended to periodic orbits of strips of quasiperiodic skew products in the cylinder. In this paper we deal with the following natural question that arises in this setting: Does Sharkovskiĭ Theorem hold when restricted to curves instead of general strips? We answer this question in the negative by constructing a counterexample: We construct a map having a periodic orbit of period 2 of curves (which is, in fact, the upper and lower circles of the cylinder) and without any invariant curve. In particular this shows that there exist quasiperiodic skew products in the cylinder without invariant curves. © 2016 Elsevier Ltd</subfield>
   </datafield>
   <datafield ind1="8" ind2=" " tag="024">
      <subfield code="a">http://hdl.handle.net/2072/445753</subfield>
   </datafield>
   <datafield ind1="8" ind2=" " tag="024">
      <subfield code="a">10.1016/j.na.2016.08.011</subfield>
   </datafield>
   <datafield ind2="0" ind1="0" tag="245">
      <subfield code="a">A quasiperiodically forced skew-product on the cylinder without fixed-curves</subfield>
   </datafield>
</record></metadata></record></GetRecord></OAI-PMH>